| Record ID | marc_loc_updates/v40.i20.records.utf8:13236541:1237 |
| Source | Library of Congress |
| Download Link | /show-records/marc_loc_updates/v40.i20.records.utf8:13236541:1237?format=raw |
LEADER: 01237cam a22003138a 4500
001 2012005617
003 DLC
005 20120514081042.0
008 120301s2012 cau b 001 0 eng
010 $a 2012005617
020 $a9781598847208 (hardback)
020 $a9781598847215 (ebook)
040 $aDLC$cDLC
042 $apcc
043 $an-us---
050 00 $aGR105.34$b.B783 2012
082 00 $a398.20973/091732$223
084 $aSOC022000$2bisacsh
100 1 $aBrunvand, Jan Harold.
245 10 $aEncyclopedia of urban legends, updated and expanded edition /$cJan Harold Brunvand.
260 $aSanata Barbara, Calif. :$bABC-CLIO,$c2012.
263 $a1207
300 $ap. cm.
500 $aVolume 1: A-L and Volume 2: M-Z.
520 $a"This revised edition of the original reference standard for urban legends provides an updated anthology of common myths and stories, and presents expanded coverage of international legends and tales shared and popularized online"--$cProvided by publisher.
504 $aIncludes bibliographical references and index.
650 0 $aUrban folklore$zUnited States$vEncyclopedias.
650 0 $aLegends$zUnited States$vEncyclopedias.
650 7 $aSOCIAL SCIENCE / Popular Culture.$2bisacsh